000
00279 a2200145 4500
001
175085
020
_a
040
_c
Magnum
100
_a
Málus
240
1
0
_a
Asdrubal, o pinto
_l
por
245
1
0
_a
Asdrubal, o pinto
362
0
_a
1899
697
_a
I/ANIMAIS
942
_c
BK
999
_c
175085
_d
175085